000 00443nam a2200181Ia 4500
008 131103s9999 xx 000 0 und d
020 _a237293277
040 _aLoreto College
041 _aEnglish
082 _aREF1
_bLCBED/10365
100 _aHutchinson, Ken
245 _aWater
_cKen Hutchinson
260 _aLondon
_bEvans
_c1983
300 _a48p.
_b ill., pic.
_c 23cm.
650 _aRefarence
850 _aLCBED/REF
942 _cBK
999 _c31849
_d82328